| 000 | 00570nam a2200217Ia 4500 | ||
|---|---|---|---|
| 003 | OSt | ||
| 005 | 20140322125534.0 | ||
| 008 | 140130s9999 xx 000 0 und d | ||
| 020 | _a0439672376 | ||
| 050 |
_aTR _bWh62 2004 |
||
| 100 | _aMayhew, James | ||
| 245 |
_cJames Mayhew _aWho wants a dragon? / |
||
| 260 |
_bScholastic, _c2004. _aSingapore : |
||
| 300 |
_a1 v. (unpaged) : _bcol. ill. ; _c28 cm. |
||
| 440 | _v1 | ||
| 650 |
_aDragons _vFiction. |
||
| 650 |
_aMother and child _vFiction. |
||
| 650 | _aStories in rhyme. | ||
| 942 |
_cBK _2lcc |
||
| 999 |
_c42010 _d42010 |
||